00430nam a2200145 i 450000100060000000300090000600500170001500700030003200800410003510000200007624500850009626000610018130000220024285200200026472666ES-MaACL20230906171519.0t|040902s1927 fr ||||1| fre d1 aGoblot, Edmond.13aLa logique des jugements de valeur b: theorie et applications /cEdmond Goblot. aParis : bMax Leclerc et cie, c1927 (fChartres-Durand) a210 p. ; c23 cm. aES-MaACLjA-579